Wild product governance : (Record no. 9130)

MARC details
000 -LEADER
fixed length control field 01355cam a2200349 a 4500
001 - CONTROL NUMBER
control field 16052888
003 - CONTROL NUMBER IDENTIFIER
control field OSt
005 - DATE AND TIME OF LATEST TRANSACTION
control field 20240710093225.0
008 - FIXED-LENGTH DATA ELEMENTS--GENERAL INFORMATION
fixed length control field 100113s2010 enkab b 001 0 eng
010 ## - LIBRARY OF CONGRESS CONTROL NUMBER
LC control number 2009053715
015 ## - NATIONAL BIBLIOGRAPHY NUMBER
National bibliography number GBA861808
Source bnb
016 7# - NATIONAL BIBLIOGRAPHIC AGENCY CONTROL NUMBER
Record control number 014602060
Source Uk
020 ## - INTERNATIONAL STANDARD BOOK NUMBER
International Standard Book Number 9781844075003 (hardback)
020 ## - INTERNATIONAL STANDARD BOOK NUMBER
International Standard Book Number 1844075001 (hardback)
035 ## - SYSTEM CONTROL NUMBER
System control number (OCoLC)ocn499130265
040 ## - CATALOGING SOURCE
Transcribing agency MUST
082 00 - DEWEY DECIMAL CLASSIFICATION NUMBER
Classification number 338.1
Edition number 22
245 00 - TITLE STATEMENT
Title Wild product governance :
Remainder of title finding policies that work for non-timber forest products /
Statement of responsibility, etc. edited by Sarah A. Laird, Rebecca McLain, and Rachel P. Wynberg.
260 ## - PUBLICATION, DISTRIBUTION, ETC. (IMPRINT)
Place of publication, distribution, etc. London ;
-- Washington, DC :
Name of publisher, distributor, etc. Earthscan,
Date of publication, distribution, etc. 2010.
300 ## - PHYSICAL DESCRIPTION
Extent xxviii, 393 p. :
Other physical details ill., maps ;
Dimensions 25 cm.
490 1# - SERIES STATEMENT
Series statement People and Plants International conservation series
504 ## - BIBLIOGRAPHY, ETC. NOTE
Bibliography, etc Includes bibliographical references and index.
650 #0 - SUBJECT ADDED ENTRY--TOPICAL TERM
Topical term or geographic name as entry element Non-timber forest products
9 (RLIN) 18582
650 #0 - SUBJECT ADDED ENTRY--TOPICAL TERM
Topical term or geographic name as entry element Non-timber forest resources
General subdivision Management.
9 (RLIN) 18583
700 1# - ADDED ENTRY--PERSONAL NAME
Personal name Laird, Sarah A.
9 (RLIN) 1738
700 1# - ADDED ENTRY--PERSONAL NAME
Personal name McLain, Rebecca J.
Fuller form of name (Rebecca Jean)
9 (RLIN) 18584
700 1# - ADDED ENTRY--PERSONAL NAME
Personal name Wynberg, Rachel.
9 (RLIN) 18585
830 #0 - SERIES ADDED ENTRY--UNIFORM TITLE
Uniform title People and Plants International conservation series.
9 (RLIN) 18586
906 ## - LOCAL DATA ELEMENT F, LDF (RLIN)
a 7
b cbc
c orignew
d 1
e ecip
f 20
g y-gencatlg
942 ## - ADDED ENTRY ELEMENTS (KOHA)
Source of classification or shelving scheme Dewey Decimal Classification
Koha item type Open Shelf
Holdings
Withdrawn status Lost status Source of classification or shelving scheme Damaged status Not for loan Home library Current library Date acquired Source of acquisition Inventory number Total Checkouts Full call number Barcode Date last seen Price effective from Koha item type
    Other/Generic Classification Scheme     MUST Main Library MUST Main Library 10/07/2024 Purchase 11/35457   338.1 WIL 2010 2024-21887 10/07/2024 10/07/2024 Open Shelf